Hospodárska kriminalita v SR

Z obsahu: V ekonomickej kriminalite prevládajú podvody, krátenia daní a poistného. Konateľ Pratexu Čadca je obvinený z tunelovania. Efektívnejšie proti špinavým peniazom až v roku 2001. Hlásení o podozrivých operáciách pribudlo. Top manažéri tunelovali Naftoprojekt v prospech NTP Košice. Konateľ fir...

Ausführliche Beschreibung

Gespeichert in:
Bibliographische Detailangaben
1. Verfasser: Šporer, Peter
Format: Buchkapitel
Sprache:Slowakisch
Schlagworte:
Tags: Tag hinzufügen
Keine Tags, Fügen Sie das erste Tag hinzu!

MARC

LEADER 00000naa a2200000 4500
001 r037951
005 20230921105330.2
041 0 |a slo 
044 |a SK 
245 1 0 |a Hospodárska kriminalita v SR  |c Peter Šporer 
520 |a Z obsahu: V ekonomickej kriminalite prevládajú podvody, krátenia daní a poistného. Konateľ Pratexu Čadca je obvinený z tunelovania. Efektívnejšie proti špinavým peniazom až v roku 2001. Hlásení o podozrivých operáciách pribudlo. Top manažéri tunelovali Naftoprojekt v prospech NTP Košice. Konateľ firmy falšoval platobné záruky banky. Za 137 miliónov korún VSŽ postavili iba rampu. 
610 2 0 |a kriminalita hospodárska 
610 2 0 |a podvody 
610 2 0 |a pranie špinavých peňazí 
610 2 0 |a Slovensko 
610 2 0 |a krádeže 
100 1 |a Šporer, Peter